| 000 | 00607nam a2200193 i 4500 | ||
|---|---|---|---|
| 001 | 27203 | ||
| 003 | ES-MaACL | ||
| 005 | 20230906153558.0 | ||
| 007 | t| | ||
| 008 | 030113s1973 sp ||||1| spa d | ||
| 100 | 1 |
_aArroyo Garrido, Saturnino. _923373 |
|
| 245 | 1 | 4 |
_aLos métodos activos, explicados a los profesores / _cSaturnino Arroyo Garrido. |
| 260 |
_aMadrid : _bParaninfo, _c1973. |
||
| 300 |
_a164 p., 6 lám. ; _c24 cm. |
||
| 490 | 1 | _aBiblioteca Innovación educativa | |
| 830 | 0 |
_aBiblioteca Innovación educativa _9181096 |
|
| 852 |
_aES-MaACL _jC-55930 _bR.88570 |
||
| 999 |
_c27203 _d27203 |
||